Statistics for Objects by Picture - M

Click here to take the quiz!

General Stats

  • This quiz has been taken 71 times
  • The average score is 11 of 15

Answer Stats

Answer % Correct
Mop
95%
Microscope
94%
Mouse
94%
Motorcycle
91%
Moon
91%
Mailbox
89%
Melon
88%
Monkey
82%
Meerkat
80%
Machete
79%
Magnet
79%
Mint
74%
Muzzle
59%
Monocle
26%
Marimba
26%

Score Distribution

Percentile by Number Answered

Percent of People with Each Score

Your Score History

You have not taken this quiz